| 000 | 00773nam a2200205Ia 4500 | ||
|---|---|---|---|
| 005 | 20260121110132.0 | ||
| 008 | 008 260114s9999 xx 000 0 hin d | ||
| 020 | _a9788132351917 | ||
| 037 | _aEBOOK | ||
| 040 |
_aCRL _bhin _cCRL |
||
| 041 |
_ahin _2hin |
||
| 084 | _qCRL | ||
| 100 |
_aनीलम कुमारी / Neelam Kumari _9942488 |
||
| 245 | 0 | _aवस्त्र विज्ञानःचित्रण, विश्व कला एवं परिधान निर्माण / Vastra vigyan: chitran, vishv kala aur paridhan nirman | |
| 260 |
_bभाषा प्रकाशन / Bhasha Prakashan _c2020 |
||
| 856 | _uhttps://bhashaprakashan.com/product-details/378531 | ||
| 942 | _cEBOOK | ||
| 999 |
_c1534153 _d1534153 |
||